00541nam a2200169Ia 4500008004100000020001800041082001800059100001900077245007300096250000800169260003400177300001000211650001500221942000700236999001700243952011100260240827s9999 xx 000 0 und d a9788172343118 a954.035bD45M aMahatma Gandhi 0aMahatma Gandhi Autobiography: The Story Of My Experiments With Truth a1st bFingerprint! Publishingc2023 a447p. aSC/ST Cell cBK c27152d27152 00104070aCURAJbCURAJcCURAJd2024-08-27l3o954.035D45Mp43588r2026-05-25s2026-05-07w2024-08-27yBK